[Event "Hoogeveen Amateurs op 25th"]
[Site "Hoogeveen"]
[Date "2022.10.22"]
[Round "7.18"]
[White "Pruijssers, Henk"]
[Black "Spoelstra, Jan"]
[Result "1/2-1/2"]
[WhiteElo "1603"]
[BlackElo "1459"]
[PlyCount "59"]
[EventDate "2022.10.15"]
[EventType "swiss"]
[EventRounds "7"]
[EventCountry "NED"]
[SourceTitle "CBM 210 Extra"]
[Source "ChessBase"]
[SourceDate "2022.11.30"]
[SourceVersion "1"]
[SourceVersionDate "2022.11.30"]
[SourceQuality "1"]

1. e4 e6 2. Nf3 d5 3. Nc3 dxe4 4. Nxe4 Nf6 5. Nxf6+ Qxf6 6. d4 h6 7. Bd3 c5 8. 0-0 Bd7 9. Be3 b6 10. dxc5 Bxc5 11. Bxc5 bxc5 12. Be4 Nc6 13. Qd6 Qe7 14. Rfd1 Rc8 15. Bxc6 Qxd6 16. Rxd6 Rxc6 17. Rad1 Rxd6 18. Rxd6 Ke7 19. Ra6 Ra8 20. Ne5 Bb5 21. Ra3 a6 22. c4 Rd8 23. g3 Rd1+ 24. Kg2 Be8 25. Rxa6 f6 26. Nf3 Bg6 27. Ra3 Bd3 28. g4 Bxc4 29. Rc3 Bxa2 30. Rxc5 1/2-1/2

[Event "Zwolle KPMG op-B"]
[Site "Zwolle"]
[Date "2000.03.11"]
[Round "3"]
[White "Boer, Walter"]
[Black "Pruijssers, Henk"]
[Result "1-0"]
[WhiteElo "1725"]
[BlackElo "1768"]
[PlyCount "45"]
[EventDate "2000.03.??"]
[EventType "swiss"]
[EventRounds "6"]
[EventCountry "NED"]
[SourceTitle "EXT 2004"]
[Source "ChessBase"]
[SourceDate "2003.11.25"]
[SourceVersion "1"]
[SourceVersionDate "2003.11.25"]
[SourceQuality "1"]

1. d4 Nf6 2. Bg5 Ne4 3. h4 d5 4. Nd2 Nxg5 5. hxg5 Bf5 6. Nb3 e6 7. f4 Bd6 8. e3 Nd7 9. Bd3 Qe7 10. g4 Bg6 11. Bxg6 fxg6 12. Qd3 0-0-0 13. Nf3 Nb6 14. 0-0-0 Nc4 15. Nbd2 Nxd2 16. Rxd2 Qf7 17. Rdh2 Rdf8 18. Nh4 Bxf4 19. exf4 Qxf4+ 20. Qd2 Qe4 21. b3 Rf7 22. Re1 Qxg4 23. Nxg6 1-0